Quizzes
Events
Quiz Creation
Community
Videos
Private Events
Remove Ads
Sign In
Join for FREE
Feedback
Dark Mode
Quiz Categories
Sports
Geography
Music
Movies
Television
Just For Fun
Miscellaneous
History
Literature
Language
Science
Gaming
Entertainment
Religion
Holiday
For Kids
Quiz Lab
Recent
Popular Today
Quiz Kudos Today
Editor Picks
Curator Picks
Quizzes by...
Day
Popularity
Type
Ratings
Length
Year
Community
Subscriptions
Recent Discussions
Orange Saloon
Badges
Playlists
Quests
Create
Leaderboards
Showdown
Live 5
Trivia Bingo
Activity
Puzzle Library
Sporcle Events
Private Events
Virtual Trivia
Globe League
Become a Host
Pub Owners
SporcleCon
Opinionation
Our Games
Videos
Blog
Mobile Apps
Partnerships
Remove Ads and Go Orange
Feedback
Miscellaneous
Crossword
General Knowledge
Baby Names
Logo
Food
Cars
Numbers
Grab Bag
University
College
Popular
Company
Slogans
Restaurants
Justice
Letter
Miscellaneous
Crossword
General Knowledge
Baby Names
Logo
Food
Cars
Numbers
Grab Bag
University
College
Popular
Company
Slogans
Restaurants
Justice
Letter
Random Quiz
Search Sporcle
×
Curator Pick
Curator Pick
Miscellaneous
Alphabet
Type in answers that appear in a list
Type in answers that appear in a list
Classic
Best Score? Go Orange.
Alphabetical Quiz: Letter D Stats
All the answers to this quiz start with the letter D
By
PurpleKet
5m
15 Questions
205 Plays
205 Plays
205 Plays
Comments
Comments
Give Quiz Kudos
Give Quiz Kudos
-
- Ratings
hide this ad
Forced Order
Answers have to be entered in order
Answers have to be entered in order
Replay
Link that replays current quiz
Next Quiz
Link to next quiz in quiz playlist
You Got
0%
They Got
Avg Score
63%
Avg Friend Score
Upgrade to see
Score Distribution
Jump to the score distribution portion of the page
Score
0/15
Timer
05:00
0
Plays Today
Question
Answer
% Correct
Also the Latin word for dragon, what is the first name of Harry Potter character Malfoy?
Draco
85.9%
Which American city is known as Motor City?
Detroit
85.9%
Huey, Dewey and Louie are the nephews of which cartoon character?
Donald Duck
82.9%
Born in 1996 what name was given to the worlds first cloned sheep?
Dolly
80%
Bridging, Capping and Crowning are terms common in which profession?
Dentistry
79.5%
What name is given to a polygon with 10 sides?
Decagon
72.2%
John McClane is the hero of which series of action movies?
Die Hard
67.8%
Which Spanish artist painted 'The Persistence of Memory'?
Salvador Dalí
63.4%
Question
Answer
% Correct
What is the capital of Syria?
Damascus
61%
What is the Hindu Festival of Lights called?
Diwali
57.1%
Which animal ranks just behind humans in the brain size-
to-
body ratio?
Dolphin
55.1%
Which Australian instrument is played using the circular breathing technique?
Didgeridoo
54.1%
Who wrote the 1719 novel Robinson Crusoe?
Daniel Defoe
53.2%
Which rapper also starred in the popular Canadian teen show Degrasi?
Drake
52.2%
In the UK cult classic TV show Red Dwarf, what is the name of Cat's geeky and awkward alter ego?
Duane Dibbley
6.3%
Quiz Playlist
Details
Report
Send in Message
Add To Playlist
Classic:
Type in answers that appear in a list
Forced Order:
Answers have to be entered in order
Last Updated: May 16, 2020
Curator Pick in
Alphabet
Quiz Scoreboard
CHALLENGE
Sign Up to Join the Scoreboard
Show All
Scores
Hide
Comments
May contain spoilers
Recently Published
9x9 Crossword: Cartoon Network
by jackfrog10
Miscellaneous
3m
College Basketball Coaching Resumes
by pancakes188
Sports
9m
Billboard Blitz: Fleetwood Mac
by CooCooCachoo
Music
15s
More to Explore
Quiz From the Vault
Featured Blog Post
Where Did the Easter Bunny Come From?
hide this ad
You Might Also Like...
Tags
Alphabet Quiz
General Knowledge Quiz
Letter Quiz
Alphabetical
Today's Top Quizzes in Miscellaneous
Browse Miscellaneous
hide this ad
Today's Top Quizzes in Alphabet
Browse Alphabet
Top Contributed Quizzes in Miscellaneous
1
5-to-1: Fast Food
2
The JOE quick-fire general knowledge quiz: Day 174
3
The JOE quick-fire general knowledge quiz: Day 173
4
5-to-1: Cocktails
5
The JOE quick-fire general knowledge quiz: Day 172
6
Sunday Crossword: Famous Bodies of Water
7
The JOE quick-fire general knowledge quiz: Day 171
8
Named After an Animal - Odd One Out!
9
One Thing in Common: United Kingdom II
10
The JOE quick-fire quiz: Day 170
Explore More
Trending Topics
Anime
NBA
Crossword
Harry Potter
Kpop
Disney
Marvel
Country
Soccer
The Office
WWE
NFL
Puzzle
Pokémon
Song
hide this ad
More By:
PurpleKet
Quiz
Plays
Rating
Category
Featured
Created
Alphabetical Quiz: Letter A
278
4.50
Miscellaneous
May 13, 2020
Alphabetical Quiz: Letter D
205
4.50
Miscellaneous
May 16, 2020
Alphabetical Quiz: Letter C
39
Miscellaneous
May 15, 2020
Alphabetical Quiz: Letter B
39
Miscellaneous
May 15, 2020
Alphabetical Quiz: Letter E
37
Miscellaneous
May 19, 2020
Go to Creator's Profile
Score Distribution
Quiz Creator Spotlight
PurpleKet
Follow
Send a Message
Quizzes Created
-
Created Quiz Play Count
-
More By This Creator
Popular Quizzes Today
1
Find the US States - No Outlines Minefield
2
Find the Countries of Europe - No Outlines Minefield
3
The Countries of the World
4
Find the US States
5
Risky Map Clicking: Biggest States A-Z
6
US States
7
Popular People in 1961
8
Movies - When Are They Set?
More Miscellaneous Quizzes
Baby Boy Name Blitz
Published
Trending Quizzes
Risky Map Clicking: Least Populous States A-Z
1-10 Letter G Words
1-10 Letter F Words
Risky Map Clicking: Next State Alphabetically
Adjectives in 80s TV Shows
Recently Updated
Leaping Animals
pecheneg
Reality TV Shows (A-Z)
bhenderson79
Rickey Henderson's Hall of Fame Teammates
pecheneg
Champions League XIs: Arsenal
pecheneg
Quick Pick: Celebrities in WWE's Hall of Fame
aduchscher
A-Z Keypad Blitz II
pecheneg
Multiple Oscar Actors
pecheneg
Mystery Phrase Blitz: Oscar 'Best Actors'
pecheneg
F. Scott Fitzgerald Novels
LTH
Pick 3 Villains
ddd62291
Trending Topics
Disney
Anime
NBA
Marvel
Harry Potter
Crossword
Kpop
Pokémon
NFL
Song
Country
Puzzle
Soccer
The Office
WWE
Your Account Isn't Verified!
In order to create a playlist on Sporcle, you need to verify the email address you used during registration. Go to your
Sporcle Settings
to finish the process.
Report this User
Report this user for behavior that violates our
Community Guidelines
.
Details:
Send Report
Go to the Sporcle.com Mobile Site →
Comments